| 000 | 00560nam a2200217Ia 4500 | ||
|---|---|---|---|
| 003 | LK-CoDNM | ||
| 008 | 010623t2000 xxu||||| |||| 00| 1 sin d | ||
| 040 |
_aLK-CoDNM _dLK-CoDNM _eLK-CoDNM |
||
| 041 | _asin | ||
| 080 | _a159.9 MAN | ||
| 100 | _aManjula , Saman J.R. | ||
| 245 | _aසූක්ෂම ශරීරය | ||
| 246 | _aSukshama Shareeraya | ||
| 260 |
_bSampath _aHomagama _c2000 |
||
| 300 | _b182p., 21 cm | ||
| 650 | _aAstral Body | ||
| 650 | _aHypnotism | ||
| 650 | _aMysteries of the Universe | ||
| 650 | _aPsychoiogy | ||
| 942 | _cBK | ||
| 999 |
_c120785 _d120785 |
||